000 01132cad a22002415a 4500
001 L154337
008 111114e20111111xxkd f s 000 0 eng d
035 _a(Sirsi) u154337
041 0 _aeng
110 2 _aRoyal Institution of Chartered Surveyors
_bEconomics
_95033
245 0 0 _aRICS global real estate weekly
_b11 November 2011
_h[electronic resource]
260 _aLondon
_bRICS
_c2011
490 0 _aRICS Global Real Estate Weekly
_v11 November 2011
520 _aEuro crisis heightens challenge for real estate sector. Brazil loosening monetary policy in face of global slowdown. Q3 GDP should confirm Japanese recovery. European construction recovery likely to run out of steam.
590 _aKA
650 2 4 _aRICS GLOBAL REAL ESTATE WEEKLY
651 4 _aInternational
690 _aPROPERTY-COMMERCIAL PROPERTY-COMMERCIAL PROPERTY MARKET
690 _aBUILT ENVIRONMENT-CONSTRUCTION MARKET
690 _aPROPERTY-RESIDENTIAL PROPERTY-RESIDENTIAL PROPERTY MARKET
856 4 0 _uhttps://www.rics.org/site/download_feed.aspx?fileID=10792&fileExtension=PDF
_zView the report free of charge at www.rics.org
942 _n0
999 _c112941
_d112941